[Event "FISU World University"]
[Site "Tornelo INT"]
[Date "2020.10.28"]
[Round "9.13"]
[White "Serikbay, Chingiz"]
[Black "Damaceno, Mateus Lima"]
[Result "1-0"]
[WhiteElo "2338"]
[BlackElo "2136"]
[PlyCount "85"]
[EventDate "2020.10.26"]
[EventType "team-swiss (rapid)"]
[EventRounds "9"]
[EventCountry "NET"]
[SourceTitle "CBM 199 Extra"]
[Source "ChessBase"]
[SourceDate "2021.01.31"]
[SourceVersion "1"]
[SourceVersionDate "2021.01.31"]
[SourceQuality "1"]
[WhiteTeam "Kazakhstan III"]
[BlackTeam "Brazil II"]
[WhiteTeamCountry "KAZ"]
[BlackTeamCountry "BRA"]

1. d4 d5 2. Nf3 Nf6 3. Bf4 e6 4. e3 Bd6 5. Bg3 0-0 6. Nbd2 b6 7. Bd3 c5 8. c3 Ba6 9. Bxa6 Nxa6 10. 0-0 Bxg3 11. hxg3 Nb8 12. Qe2 Nbd7 13. a4 a6 14. Rfd1 Qc7 15. e4 dxe4 16. Nxe4 c4 17. Nxf6+ Nxf6 18. Ne5 Rac8 19. g4 Nd5 20. g3 f6 21. Nf3 Rfe8 22. Qe4 Qf7 23. Re1 Qg6 24. Qxg6 hxg6 25. Kg2 Kf7 26. g5 Rh8 27. Rh1 Rxh1 28. Rxh1 Rb8 29. gxf6 gxf6 30. Nd2 b5 31. Rh7+ Kg8 32. Ra7 Rb6 33. a5 Rc6 34. Ne4 g5 35. Rb7 Kf8 36. Nc5 Ke8 37. Kf3 f5 38. g4 Kf8 39. Ra7 Ke8 40. Rxa6 Rxa6 41. Nxa6 Nf6 42. gxf5 exf5 43. Nc7+ 1-0

[Event "FISU World University"]
[Site "Tornelo INT"]
[Date "2020.10.27"]
[Round "5.18"]
[White "Serikbay, Chingiz"]
[Black "Tomaszewski, Kacper"]
[Result "1-0"]
[WhiteElo "2338"]
[BlackElo "2320"]
[PlyCount "61"]
[EventDate "2020.10.26"]
[EventType "team-swiss (rapid)"]
[EventRounds "9"]
[EventCountry "NET"]
[SourceTitle "CBM 199 Extra"]
[Source "ChessBase"]
[SourceDate "2021.01.31"]
[SourceVersion "1"]
[SourceVersionDate "2021.01.31"]
[SourceQuality "1"]
[WhiteTeam "Kazakhstan III"]
[BlackTeam "Poland IV"]
[WhiteTeamCountry "KAZ"]
[BlackTeamCountry "POL"]

1. d4 Nf6 2. Nf3 g6 3. Bf4 Bg7 4. e3 0-0 5. h3 d6 6. Be2 Nbd7 7. 0-0 b6 8. Bh2 Bb7 9. Nbd2 c5 10. c3 Rc8 11. a4 a6 12. Bd3 Qc7 13. Qe2 Ra8 14. e4 e5 15. dxe5 dxe5 16. Rfd1 Nh5 17. Nc4 Nf4 18. Bxf4 exf4 19. Bc2 Nf6 20. Nd6 Bc6 21. Bb3 Nd7 22. Nxf7 Rxf7 23. Bxf7+ Kxf7 24. Qc4+ Ke7 25. Ng5 Rf8 26. Qe6+ Kd8 27. Rd6 Bb7 28. Rad1 Bc8 29. Nf7+ Rxf7 30. Qxf7 Bh6 31. Qg8+ 1-0

[Event "FISU World University"]
[Site "Tornelo INT"]
[Date "2020.10.26"]
[Round "3.17"]
[White "Serikbay, Chingiz"]
[Black "Felix Soto, Alfredo"]
[Result "1/2-1/2"]
[WhiteElo "2338"]
[BlackElo "2075"]
[PlyCount "95"]
[EventDate "2020.10.26"]
[EventType "team-swiss (rapid)"]
[EventRounds "9"]
[EventCountry "NET"]
[SourceTitle "CBM 199 Extra"]
[Source "ChessBase"]
[SourceDate "2021.01.31"]
[SourceVersion "1"]
[SourceVersionDate "2021.01.31"]
[SourceQuality "1"]
[WhiteTeam "Kazakhstan III"]
[BlackTeam "Mexico IV"]
[WhiteTeamCountry "KAZ"]
[BlackTeamCountry "MEX"]

1. d4 d5 2. Nf3 Nf6 3. Bf4 e6 4. e3 Bd6 5. Bg3 0-0 6. Nbd2 b6 7. Bd3 Bb7 8. 0-0 c5 9. c3 Nc6 10. Qe2 Rc8 11. Rad1 Qc7 12. dxc5 Bxg3 13. hxg3 bxc5 14. e4 g6 15. Rfe1 Ne5 16. Nxe5 Qxe5 17. exd5 Qxe2 18. Rxe2 Bxd5 19. c4 Ba8 20. Nf3 Rfd8 21. Ne5 Rd4 22. Bc2 Rcd8 23. Rxd4 Rxd4 24. f3 Nd7 25. Nxd7 Rxd7 26. Kf2 Kf8 27. Ke3 Rd4 28. Bd3 e5 29. g4 Ke7 30. Re1 h5 31. gxh5 gxh5 32. Rh1 h4 33. b3 Ke6 34. Be4 Bxe4 35. fxe4 f5 36. Rxh4 f4+ 37. Kf3 Rd3+ 38. Kf2 Rd2+ 39. Kf3 Rd3+ 40. Kf2 Rd2+ 41. Kf1 Rxa2 42. Rh6+ Kd7 43. Rh7+ Kd6 44. Rh6+ Kd7 45. Rh5 Kd6 46. Rh6+ Kd7 47. Rh7+ Kd6 48. Rh6+ 1/2-1/2

[Event "Almaty op"]
[Site "Almaty"]
[Date "2019.10.12"]
[Round "7"]
[White "Serikbay, Chingiz"]
[Black "Kostenko, Petr"]
[Result "1/2-1/2"]
[WhiteElo "2298"]
[BlackElo "2472"]
[PlyCount "125"]
[EventDate "2019.10.07"]
[EventType "swiss"]
[EventRounds "9"]
[EventCountry "KAZ"]
[SourceTitle "EXT 2020"]
[Source "ChessBase"]
[SourceDate "2019.10.17"]
[SourceVersion "1"]
[SourceVersionDate "2019.10.17"]
[SourceQuality "1"]

1. d4 d5 2. Nf3 Nf6 3. c4 e6 4. g3 dxc4 5. Qa4+ c6 6. Qxc4 b5 7. Qc2 Bb7 8. Bg2 Nbd7 9. 0-0 c5 10. a4 b4 11. Nbd2 Rc8 12. Qd3 Be7 13. b3 cxd4 14. Qxd4 0-0 15. Bb2 Qa5 16. Nc4 Qa6 17. Nfe5 Bxg2 18. Kxg2 Nc5 19. Qd1 Nd5 20. Rc1 Rc7 21. Kg1 Rfc8 22. Bd4 f6 23. Bxc5 Bxc5 24. Nd3 Nc3 25. Qd2 Bf8 26. Rc2 Qb7 27. Rfc1 e5 28. Ndb2 Rd7 29. Qe1 Bc5 30. Nd1 Ne4 31. Nd2 Nxd2 32. Rxd2 Bd4 33. Rdc2 Rcd8 34. e3 Bb6 35. Nb2 a5 36. Qe2 Ba7 37. Qc4+ Kf8 38. Qc6 e4 39. Qxb7 Rxb7 40. Rc8 Bb6 41. Kf1 Ke7 42. Rxd8 Bxd8 43. Rc4 f5 44. Rc5 Ke6 45. Nc4 Rd7 46. Rc6+ Ke7 47. Ra6 Rd5 48. Ke2 Bc7 49. f3 exf3+ 50. Kxf3 Rd3 51. Nxa5 Bxa5 52. Rxa5 Kf6 53. Ra6+ Ke5 54. Ra7 Kf6 55. h4 Rxb3 56. Kf4 Ra3 57. Ra6+ Kf7 58. Rb6 Rxa4 59. Kxf5 Ra3 60. Rb7+ Kf8 61. Rb8+ Kf7 62. Rb7+ Kf8 63. Rb8+ 1/2-1/2

[Event "Almaty op"]
[Site "Almaty"]
[Date "2019.10.09"]
[Round "4"]
[White "Dzhumaev, Marat"]
[Black "Serikbay, Chingiz"]
[Result "1/2-1/2"]
[WhiteElo "2428"]
[BlackElo "2298"]
[PlyCount "69"]
[EventDate "2019.10.07"]
[EventType "swiss"]
[EventRounds "9"]
[EventCountry "KAZ"]
[SourceTitle "EXT 2020"]
[Source "ChessBase"]
[SourceDate "2019.10.17"]
[SourceVersion "1"]
[SourceVersionDate "2019.10.17"]
[SourceQuality "1"]

1. e4 c5 2. Nc3 g6 3. Nf3 Bg7 4. d4 cxd4 5. Nxd4 Nc6 6. Nb3 Nf6 7. Be2 0-0 8. 0-0 d6 9. Re1 Be6 10. Bg5 Rc8 11. Qd2 Ne5 12. Bh6 Bxh6 13. Qxh6 Nc4 14. Bxc4 Rxc4 15. Nd2 Rc5 16. Nf3 Rh5 17. Qd2 Qb6 18. b3 Rc8 19. Na4 Qa5 20. c4 Qxd2 21. Nxd2 b5 22. cxb5 Rxb5 23. Rac1 Rbb8 24. f3 a5 25. Kf2 Kf8 26. Ke3 Ke8 27. Red1 Kd8 28. Nb2 Nd7 29. Nd3 a4 30. Rxc8+ Rxc8 31. Rc1 Rb8 32. Rc3 axb3 33. axb3 Nc5 34. Nxc5 dxc5 35. Rxc5 1/2-1/2

[Event "Almaty op"]
[Site "Almaty"]
[Date "2019.10.08"]
[Round "2"]
[White "Igambergenov, Alibek"]
[Black "Serikbay, Chingiz"]
[Result "1-0"]
[WhiteElo "2402"]
[BlackElo "2298"]
[PlyCount "63"]
[EventDate "2019.10.07"]
[EventType "swiss"]
[EventRounds "9"]
[EventCountry "KAZ"]
[SourceTitle "EXT 2020"]
[Source "ChessBase"]
[SourceDate "2019.10.17"]
[SourceVersion "1"]
[SourceVersionDate "2019.10.17"]
[SourceQuality "1"]

1. Nf3 Nf6 2. c4 c6 3. Nc3 d5 4. e3 e6 5. d4 Nbd7 6. Qc2 Bd6 7. b3 0-0 8. Bb2 Qe7 9. Be2 dxc4 10. bxc4 e5 11. 0-0 Re8 12. Rfe1 e4 13. Nd2 Nf8 14. f3 exf3 15. Bxf3 Ng4 16. Nf1 Ng6 17. e4 c5 18. e5 Bb8 19. e6 f5 20. Qxf5 Nh6 21. Qxc5 Qxc5 22. dxc5 Be5 23. Na4 Bxb2 24. Nxb2 Rb8 25. Nd3 Nf5 26. Bd5 Nd4 27. Re4 Nxe6 28. Rae1 Kf7 29. Ng3 Rd8 30. Ne5+ Nxe5 31. Rxe5 Re8 32. Ne4 1-0

[Event "Sochi Amateur op 6th"]
[Site "Sochi"]
[Date "2019.04.11"]
[Round "7"]
[White "Serikbay, Chingiz"]
[Black "Gochelashvili, David"]
[Result "0-1"]
[WhiteElo "2251"]
[BlackElo "2387"]
[PlyCount "64"]
[EventDate "2019.04.07"]
[EventType "swiss"]
[EventRounds "9"]
[EventCountry "RUS"]
[SourceTitle "CBM 189 Extra"]
[Source "ChessBase"]
[SourceDate "2019.06.03"]
[SourceVersion "1"]
[SourceVersionDate "2019.06.03"]
[SourceQuality "1"]

1. d4 g6 2. Bf4 Bg7 3. e3 d6 4. Nf3 Nd7 5. Be2 e5 6. Bg3 e4 7. Nfd2 f5 8. c4 Ne7 9. Nc3 0-0 10. c5 Nf6 11. cxd6 cxd6 12. Nb5 Ne8 13. Qb3+ d5 14. Rc1 Nc6 15. Nc3 Nf6 16. Bh4 Ne7 17. g4 Kh8 18. g5 Ne8 19. Bg3 Nc7 20. Ncxe4 f4 21. exf4 dxe4 22. f5 Nxf5 23. Bxc7 Qxg5 24. Be5 Bxe5 25. dxe5 e3 26. fxe3 Be6 27. Qb4 Nxe3 28. Nf3 Ng2+ 29. Kf2 Qe3+ 30. Kf1 Rxf3+ 31. Bxf3 Qxf3+ 32. Kg1 Qe3+ 0-1

[Event "Almaty op"]
[Site "Almaty"]
[Date "2018.10.17"]
[Round "3"]
[White "Serikbay, Chingiz"]
[Black "Mirzoev, Azer"]
[Result "0-1"]
[WhiteElo "2284"]
[BlackElo "2508"]
[PlyCount "118"]
[EventDate "2018.10.16"]
[EventType "swiss"]
[EventRounds "9"]
[EventCountry "KAZ"]
[SourceTitle "CBM 187 Extra"]
[Source "ChessBase"]
[SourceDate "2018.11.04"]
[SourceVersion "1"]
[SourceVersionDate "2018.11.04"]
[SourceQuality "1"]

1. Nf3 d5 2. g3 Nf6 3. Bg2 c6 4. 0-0 Bg4 5. d4 Nbd7 6. h3 Bh5 7. c4 e6 8. Nc3 Be7 9. b3 h6 10. Bb2 0-0 11. Nd2 Qb6 12. c5 Qc7 13. b4 b6 14. Nb3 Rfb8 15. Bc1 bxc5 16. Bf4 Bd6 17. Bxd6 Qxd6 18. bxc5 Qc7 19. f4 a5 20. Nc1 Bg6 21. Nd3 Ne4 22. Bxe4 Bxe4 23. Qd2 Nf6 24. Rab1 Bf5 25. Kh2 Ne4 26. Nxe4 Bxe4 27. Qc2 Rb4 28. Rxb4 axb4 29. Rb1 Qa5 30. Rb2 Qa3 31. Qd2 Bxd3 32. exd3 Ra4 33. Kg2 Qc3 34. Qxc3 bxc3 35. Rc2 Ra3 36. Kf3 h5 37. f5 exf5 38. Kf4 f6 39. Kxf5 Kf7 40. Kf4 g6 41. h4 Ke6 42. Re2+ Kf7 43. Rc2 Kg7 44. Kf3 g5 45. g4 gxh4 46. gxh5 Kh6 47. Kg4 Ra4 48. Rxc3 Rxd4+ 49. Kf5 h3 50. Kxf6 Kxh5 51. Ke5 h2 52. Rc1 Rxd3 53. Kd6 Kg4 54. a4 d4 55. Kxc6 Rh3 56. Rh1 Kf3 57. Kb5 d3 58. c6 Kg2 59. c7 Rh8 0-1

[Event "Almaty op"]
[Site "Almaty"]
[Date "2018.10.16"]
[Round "1"]
[White "Serikbay, Chingiz"]
[Black "Burmakin, Vladimir"]
[Result "1/2-1/2"]
[WhiteElo "2284"]
[BlackElo "2523"]
[PlyCount "114"]
[EventDate "2018.10.16"]
[EventType "swiss"]
[EventRounds "9"]
[EventCountry "KAZ"]
[SourceTitle "CBM 187 Extra"]
[Source "ChessBase"]
[SourceDate "2018.11.04"]
[SourceVersion "1"]
[SourceVersionDate "2018.11.04"]
[SourceQuality "1"]

1. Nf3 d5 2. g3 c6 3. Bg2 Nf6 4. 0-0 Bf5 5. c4 e6 6. d4 Nbd7 7. Nc3 Be7 8. Nh4 Be4 9. f3 Bg6 10. Qb3 Qb6 11. Nxg6 hxg6 12. c5 Qa6 13. Qa4 Qxa4 14. Nxa4 e5 15. e3 0-0 16. Bd2 b5 17. cxb6 axb6 18. Nc3 Rfe8 19. Rfc1 Bd6 20. Kf1 Nb8 21. Rc2 Rd8 22. Ne2 c5 23. dxe5 Bxe5 24. f4 Bd6 25. Nc3 Bf8 26. g4 Nc6 27. g5 Nb4 28. Rcc1 Ne8 29. Ke2 Nc7 30. a3 Nc6 31. Be1 Rd6 32. f5 Re8 33. Bg3 Ne5 34. fxg6 fxg6 35. Rd1 d4 36. Ne4 Rd7 37. exd4 cxd4 38. Bxe5 Rxe5 39. Kd3 Ne6 40. Rf1 Nxg5 41. Nxg5 Rxg5 42. Bh3 Rd8 43. Be6+ Kh7 44. Rae1 Rg2 45. b4 Rxh2 46. Rh1 Rh5 47. Bf7 Ra8 48. Reg1 Rxa3+ 49. Kxd4 Rh6 50. Bxg6+ Kh8 51. Rxh6+ gxh6 52. Kc4 Rh3 53. Rg4 h5 54. Re4 Kg7 55. Be8 h4 56. Kb5 Rb3 57. Rxh4 Rxb4+ 1/2-1/2

[Event "KAZ-ch sf"]
[Site "Pavlodar"]
[Date "2016.02.10"]
[Round "5"]
[White "Kuderinov, Kirill"]
[Black "Serikbay, Chingiz"]
[Result "1-0"]
[WhiteElo "2473"]
[BlackElo "2358"]
[PlyCount "65"]
[EventDate "2016.02.05"]
[EventType "swiss"]
[EventRounds "9"]
[EventCountry "KAZ"]
[SourceTitle "CBM 171 Extra"]
[Source "ChessBase"]
[SourceDate "2016.04.26"]
[SourceVersion "1"]
[SourceVersionDate "2016.04.26"]
[SourceQuality "1"]

1. e4 c5 2. Nf3 d6 3. Bb5+ Nd7 4. 0-0 a6 5. Bxd7+ Qxd7 6. d4 cxd4 7. Qxd4 e5 8. Qd3 Qc6 9. Nc3 Be6 10. Rd1 h6 11. Nd5 Rc8 12. Be3 Bxd5 13. exd5 Qc4 14. Qa3 Nf6 15. b3 Qc7 16. Bd2 Be7 17. Bb4 Nd7 18. Nd2 Nc5 19. Nc4 0-0 20. Ba5 Qb8 21. Nb6 Rc7 22. Nc4 Rcc8 23. Nb6 Rc7 24. c4 Nd7 25. Rac1 Nxb6 26. Bxb6 Rcc8 27. b4 Bd8 28. Be3 f5 29. f4 Bf6 30. c5 exf4 31. Bxf4 Be5 32. Bxe5 dxe5 33. d6 1-0

[Event "KAZ-ch sf"]
[Site "Pavlodar"]
[Date "2016.02.08"]
[Round "3"]
[White "Sisabayev, Kuanysh"]
[Black "Serikbay, Chingiz"]
[Result "1/2-1/2"]
[WhiteElo "2208"]
[BlackElo "2358"]
[PlyCount "60"]
[EventDate "2016.02.05"]
[EventType "swiss"]
[EventRounds "9"]
[EventCountry "KAZ"]
[SourceTitle "CBM 171 Extra"]
[Source "ChessBase"]
[SourceDate "2016.04.26"]
[SourceVersion "1"]
[SourceVersionDate "2016.04.26"]
[SourceQuality "1"]

1. d4 d5 2. c4 c6 3. Nf3 Nf6 4. Qc2 e6 5. g3 Nbd7 6. Bg2 Be7 7. 0-0 0-0 8. Nbd2 b6 9. e4 Nxe4 10. Nxe4 dxe4 11. Qxe4 Bb7 12. Ne5 Nxe5 13. dxe5 Rb8 14. Qg4 Kh8 15. Rd1 Qc7 16. Bf4 c5 17. Bxb7 Qxb7 18. h4 Rbd8 19. Be3 Qc6 20. b3 Rxd1+ 21. Rxd1 Rd8 22. Bg5 Bxg5 23. hxg5 Rd7 24. Rxd7 Qxd7 25. Qf3 g6 26. Qa8+ Kg7 27. Qb8 Qe7 28. Kg2 Qxg5 29. Qxa7 Qxe5 30. Qxb6 Qe4+ 1/2-1/2

[Event "KAZ-ch sf"]
[Site "Pavlodar"]
[Date "2016.02.07"]
[Round "2"]
[White "Serikbay, Chingiz"]
[Black "Ankudinova, Elena"]
[Result "1-0"]
[WhiteElo "2358"]
[BlackElo "2150"]
[PlyCount "70"]
[EventDate "2016.02.05"]
[EventType "swiss"]
[EventRounds "9"]
[EventCountry "KAZ"]
[SourceTitle "CBM 171 Extra"]
[Source "ChessBase"]
[SourceDate "2016.04.26"]
[SourceVersion "1"]
[SourceVersionDate "2016.04.26"]
[SourceQuality "1"]

1. Nf3 Nf6 2. c4 e6 3. g3 d5 4. Bg2 Be7 5. 0-0 0-0 6. d4 Nbd7 7. Qc2 c6 8. Bf4 Ne4 9. Nfd2 f5 10. Nxe4 fxe4 11. f3 exf3 12. Bxf3 Bf6 13. Be3 e5 14. cxd5 exd4 15. dxc6 Ne5 16. c7 Nxf3+ 17. Rxf3 Qe7 18. Bf4 Bg4 19. Rf2 g5 20. Bd2 Rac8 21. Qb3+ Be6 22. Bb4 Qd7 23. Qd3 Rf7 24. Nd2 Rxc7 25. Ne4 Bf5 26. Raf1 Bxe4 27. Qxe4 Qc6 28. Qg4 Kg7 29. h4 Qd7 30. Rf5 d3 31. e3 h5 32. Qxh5 gxh4 33. Qg4+ Kh8 34. Qg6 Qe6 35. Rh5+ Rh7 1-0

[Event "Central Asia Cup 4th"]
[Site "Almaty"]
[Date "2015.11.21"]
[Round "1"]
[White "Serikbay, Chingiz"]
[Black "Amonatov, Farrukh"]
[Result "0-1"]
[WhiteElo "2204"]
[BlackElo "2581"]
[PlyCount "76"]
[EventDate "2015.11.21"]
[EventType "swiss"]
[EventRounds "9"]
[EventCountry "KAZ"]
[SourceTitle "CBM 169 Extra"]
[Source "ChessBase"]
[SourceDate "2015.12.18"]
[SourceVersion "1"]
[SourceVersionDate "2015.12.18"]
[SourceQuality "1"]

1. e4 c5 2. Nf3 d6 3. d4 cxd4 4. Nxd4 Nf6 5. Nc3 a6 6. Be2 e5 7. Nb3 Be7 8. 0-0 0-0 9. Be3 Be6 10. Bf3 Nbd7 11. h3 Rc8 12. Qd2 Nb6 13. Bxb6 Qxb6 14. Rac1 Rc4 15. Nd5 Bxd5 16. exd5 Rfc8 17. c3 g6 18. Qe3 Qxe3 19. fxe3 Nd7 20. Nd2 R4c7 21. Kf2 f5 22. g4 e4 23. Be2 Nb6 24. gxf5 gxf5 25. Rcd1 Bg5 26. Nb3 Rg7 27. Rg1 Rf8 28. Nd4 Rf6 29. Ne6 Bh4+ 30. Kf1 Rxg1+ 31. Kxg1 Rg6+ 32. Kh2 Rg3 33. Rf1 Rxe3 34. Bd1 Rd3 35. Bb3 e3 36. Rxf5 Nd7 37. Nf4 Rd2+ 38. Kg1 e2 0-1

[Event "Wch U20 54th"]
[Site "Khanty-Mansiysk"]
[Date "2015.09.15"]
[Round "13"]
[White "Serikbay, Chingiz"]
[Black "O'Mahoney, Keegan"]
[Result "1-0"]
[WhiteElo "2272"]
[BlackElo "1788"]
[PlyCount "51"]
[EventDate "2015.09.02"]
[EventType "swiss"]
[EventRounds "13"]
[EventCountry "RUS"]
[SourceTitle "EXT 2016"]
[Source "ChessBase"]
[SourceDate "2015.10.08"]
[SourceVersion "1"]
[SourceVersionDate "2015.10.08"]
[SourceQuality "1"]

1. c4 e5 2. g3 Nf6 3. Bg2 h6 4. Nc3 Bb4 5. Nf3 Bxc3 6. bxc3 d6 7. 0-0 0-0 8. Rb1 Nc6 9. d3 Rb8 10. Ne1 Bf5 11. e4 Be6 12. Nc2 Qd7 13. Ne3 Bh3 14. f4 Bxg2 15. Kxg2 exf4 16. Rxf4 Ne5 17. Rxf6 gxf6 18. Nf5 Rfd8 19. Qh5 Qe8 20. Nxh6+ Kf8 21. Nf5 Kg8 22. Bh6 Ng6 23. Bg7 b5 24. Bxf6 bxc4 25. Qh6 Qf8 26. Ne7+ 1-0

[Event "Wch U20 54th"]
[Site "Khanty-Mansiysk"]
[Date "2015.09.08"]
[Round "7"]
[White "Serikbay, Chingiz"]
[Black "Isaev, Chyngyz"]
[Result "0-1"]
[WhiteElo "2272"]
[BlackElo "2163"]
[PlyCount "100"]
[EventDate "2015.09.02"]
[EventType "swiss"]
[EventRounds "13"]
[EventCountry "RUS"]
[SourceTitle "EXT 2016"]
[Source "ChessBase"]
[SourceDate "2015.10.08"]
[SourceVersion "1"]
[SourceVersionDate "2015.10.08"]
[SourceQuality "1"]

1. Nf3 d5 2. g3 Nf6 3. Bg2 c6 4. 0-0 Bg4 5. d3 Nbd7 6. Nbd2 e5 7. h3 Bh5 8. g4 Bg6 9. Nh4 Be7 10. e4 dxe4 11. dxe4 Qc7 12. Nf5 Bxf5 13. exf5 0-0-0 14. Qf3 h5 15. g5 Nd5 16. Ne4 Nf4 17. Be3 Nb6 18. b3 Nbd5 19. Rfd1 Kb8 20. Bf1 f6 21. c4 fxg5 22. cxd5 cxd5 23. Rdc1 Qd7 24. Nc3 g4 25. hxg4 hxg4 26. Qxg4 Rh4 27. Qxg7 Qxf5 28. Bxf4 Rg4+ 29. Qxg4 Qxg4+ 30. Bg3 d4 31. Be2 Qg6 32. Kf1 dxc3 33. Bxe5+ Bd6 34. Bxd6+ Qxd6 35. Rxc3 Qh2 36. Bf3 Rg8 37. Rac1 Rg1+ 38. Ke2 Qe5+ 39. Kd3 Rxc1 40. Rxc1 Qf4 41. Rc2 Qxf3+ 42. Kd4 Qf4+ 43. Kc3 Kc7 44. Kb2+ Kd6 45. Kb1 Kd5 46. Kb2 b5 47. a3 Qd4+ 48. Ka2 Qd3 49. Kb2 a5 50. Rc3 Qd4 0-1

[Event "Wch U20 54th"]
[Site "Khanty-Mansiysk"]
[Date "2015.09.06"]
[Round "5"]
[White "Serikbay, Chingiz"]
[Black "Sanal, Vahap"]
[Result "1/2-1/2"]
[WhiteElo "2272"]
[BlackElo "2522"]
[PlyCount "82"]
[EventDate "2015.09.02"]
[EventType "swiss"]
[EventRounds "13"]
[EventCountry "RUS"]
[SourceTitle "EXT 2016"]
[Source "ChessBase"]
[SourceDate "2015.10.08"]
[SourceVersion "1"]
[SourceVersionDate "2015.10.08"]
[SourceQuality "1"]

1. d4 Nf6 2. Nf3 e6 3. c4 b6 4. Nc3 Bb4 5. e3 Bb7 6. Qc2 0-0 7. Bd3 c5 8. a3 Bxc3+ 9. bxc3 Bxf3 10. gxf3 d6 11. h4 Nc6 12. Bd2 d5 13. cxd5 exd5 14. Bf5 g6 15. Bh3 Nh5 16. Bg4 Ng7 17. f4 h5 18. Bf3 Qd7 19. dxc5 bxc5 20. Qd3 Rad8 21. c4 d4 22. Kf1 dxe3 23. Qxd7 Rxd7 24. Bxe3 Nd4 25. Bd5 Ngf5 26. Bxd4 Nxd4 27. Rb1 Kg7 28. a4 Kf6 29. a5 Re8 30. Rh3 Re2 31. a6 Rde7 32. Rb7 Nf5 33. Rxe7 Rxe7 34. Rb3 Nd4 35. Rb8 Ne6 36. Rb5 Kf5 37. Rb7 Kf6 38. Bxe6 Kxe6 39. f5+ Kd6 40. fxg6 fxg6 41. Rxe7 Kxe7 1/2-1/2

[Event "Pavlodar op"]
[Site "Pavlodar"]
[Date "2014.12.02"]
[Round "3"]
[White "Serikbay, Chingiz"]
[Black "Andreev, Eduard"]
[Result "0-1"]
[WhiteElo "2246"]
[BlackElo "2482"]
[PlyCount "67"]
[EventDate "2014.12.01"]
[EventType "swiss"]
[EventRounds "9"]
[EventCountry "KAZ"]
[SourceTitle "EXT 2016"]
[Source "ChessBase"]
[SourceDate "2015.10.08"]
[SourceVersion "1"]
[SourceVersionDate "2015.10.08"]
[SourceQuality "1"]

1. e4 c5 2. Nf3 d6 3. d4 cxd4 4. Nxd4 Nf6 5. Nc3 Nc6 6. f3 e5 7. Nb3 Be7 8. Be3 Be6 9. Nd5 Bxd5 10. exd5 Nb4 11. c4 a5 12. Be2 0-0 13. 0-0 Na6 14. Kh1 Nd7 15. f4 a4 16. Nd2 exf4 17. Bxf4 Nac5 18. Nf3 Qb6 19. Rb1 Bf6 20. Nd4 g6 21. Be3 Rfe8 22. Bg1 Bg5 23. b4 axb3 24. Nxb3 Be3 25. Nxc5 Qxc5 26. Rxb7 Ra7 27. Rb5 Qc7 28. Bxe3 Rxe3 29. Qd2 Re8 30. Rc1 Nc5 31. Bf3 Ra3 32. h3 Qa7 33. Rcb1 Rxa2 34. Qf4 0-1

[Event "Wch U18"]
[Site "Durban"]
[Date "2014.09.28"]
[Round "10"]
[White "Serikbay, Chingiz"]
[Black "Csonka, Balazs"]
[Result "1/2-1/2"]
[WhiteElo "2173"]
[BlackElo "2412"]
[PlyCount "84"]
[EventDate "2014.09.20"]
[EventType "swiss"]
[EventRounds "11"]
[EventCountry "RSA"]
[SourceTitle "CBM 162 Extra"]
[Source "ChessBase"]
[SourceDate "2014.10.17"]
[SourceVersion "1"]
[SourceVersionDate "2014.10.17"]
[SourceQuality "1"]

1. e4 c5 2. Nf3 e6 3. d4 cxd4 4. Nxd4 Nc6 5. Nc3 Qc7 6. Be3 a6 7. Be2 Nf6 8. 0-0 Bb4 9. Na4 Be7 10. Nxc6 bxc6 11. Nb6 Rb8 12. Nxc8 Qxc8 13. e5 Nd5 14. Bc1 Bc5 15. c4 Ne7 16. b3 Qc7 17. Bb2 Ng6 18. Qd2 0-0 19. Qg5 d6 20. exd6 Bxd6 21. g3 c5 22. Rad1 Rbd8 23. Bd3 Be5 24. Bxe5 Qxe5 25. Qxe5 Nxe5 26. Be4 f5 27. Bb7 Kf7 28. Bxa6 Rxd1 29. Rxd1 Ra8 30. Rd6 Ke7 31. Rb6 Nd7 32. Rc6 Nb8 33. Rc7+ Kd6 34. Rc8 Rxa6 35. Rxb8 Rxa2 36. Rb7 g5 37. Rxh7 g4 38. Rb7 Kc6 39. Re7 Kd6 40. Rb7 Kc6 41. Re7 Kd6 42. Rb7 Kc6 1/2-1/2

[Event "Pavlodar op"]
[Site "Pavlodar"]
[Date "2013.12.12"]
[Round "4"]
[White "Gurkin, Anton"]
[Black "Serikbay, Chingiz"]
[Result "1/2-1/2"]
[WhiteElo "2254"]
[BlackElo "2037"]
[PlyCount "102"]
[EventDate "2013.12.10"]
[EventType "swiss"]
[EventRounds "10"]
[EventCountry "KAZ"]
[SourceTitle "CBM 158 Extra"]
[Source "ChessBase"]
[SourceDate "2014.02.28"]
[SourceVersion "1"]
[SourceVersionDate "2014.02.28"]
[SourceQuality "1"]

1. e4 c5 2. f4 Nc6 3. Nf3 g6 4. Bb5 Bg7 5. Bxc6 dxc6 6. 0-0 Nf6 7. d3 0-0 8. Nc3 b5 9. a4 b4 10. Ne2 c4 11. Ne5 cxd3 12. cxd3 Ng4 13. Nxg4 Bxg4 14. h3 Bxe2 15. Qxe2 Qd4+ 16. Kh2 Rfd8 17. Rf3 c5 18. Rb1 b3 19. Be3 Qxd3 20. Qxd3 Rxd3 21. Bxc5 Rxf3 22. gxf3 Rc8 23. Bxe7 Bd4 24. e5 Rc2+ 25. Kg3 h5 26. h4 Bf2+ 27. Kh3 Be3 28. Bg5 Rc1 29. Rxc1 Bxc1 30. e6 fxe6 31. Bf6 Bxf4 32. Bd4 a6 33. Kg2 e5 34. Bc3 Kf7 35. Kf1 Ke6 36. Ke2 Kd5 37. Be1 Kc4 38. Ba5 g5 39. hxg5 Bxg5 40. Bc3 Bf4 41. Be1 Bc1 42. Bc3 Kd5 43. Kd1 Bg5 44. Ke2 h4 45. Kf2 Bf4 46. Kg2 Be3 47. Bb4 Bd4 48. Ba3 Kc4 49. Kh3 Kd3 50. Kxh4 Kc2 51. Kg5 Bxb2 1/2-1/2

[Event "World School-ch U17 9th"]
[Site "Porto Carras"]
[Date "2013.05.13"]
[Round "8"]
[White "Gundogan, Cem"]
[Black "Serikbay, Chingiz"]
[Result "1/2-1/2"]
[WhiteElo "2056"]
[BlackElo "1999"]
[PlyCount "143"]
[EventDate "2013.05.07"]
[EventType "swiss"]
[EventRounds "9"]
[EventCountry "GRE"]
[SourceTitle "CBM 154 Extra"]
[Source "ChessBase"]
[SourceDate "2013.06.25"]
[SourceVersion "2"]
[SourceVersionDate "2013.06.25"]
[SourceQuality "1"]

1. e4 c5 2. Nf3 d6 3. Bc4 Nf6 4. Qe2 e6 5. Bb3 Be7 6. 0-0 0-0 7. c3 b6 8. Re1 Ba6 9. d3 Nc6 10. Nbd2 Qc7 11. Nf1 Rad8 12. Ng3 Ne5 13. Bc2 Rfe8 14. h3 Ng6 15. Nh2 e5 16. Nf5 d5 17. Qf3 c4 18. Nxe7+ Qxe7 19. dxc4 Bxc4 20. Bg5 h6 21. Bxf6 Qxf6 22. Qxf6 gxf6 23. Ng4 Kg7 24. Ne3 Ne7 25. Red1 Be2 26. Rd2 d4 27. Rxe2 dxe3 28. Rxe3 Rd2 29. Rc1 Red8 30. Kf1 Nc6 31. Re2 R2d6 32. Ke1 f5 33. exf5 Kf6 34. Rd1 Rxd1+ 35. Bxd1 Kxf5 36. Bc2+ Kf6 37. Re4 Rd6 38. Ke2 Ke7 39. Rh4 Rf6 40. Be4 Nd8 41. Bd5 Kd6 42. Bf3 Ne6 43. Rc4 Rf4 44. Rc8 Ra4 45. a3 e4 46. Bg4 Nf4+ 47. Kd2 h5 48. g3 hxg4 49. gxf4 gxh3 50. Rh8 Ra5 51. Rxh3 Rd5+ 52. Ke2 Kc5 53. Rh7 Rd7 54. b3 a5 55. Rh5+ Kc6 56. Re5 Rd3 57. Rxe4 Rxc3 58. Re3 Rc2+ 59. Kf3 b5 60. Rd3 Kc5 61. f5 Ra2 62. Rd7 f6 63. b4+ axb4 64. axb4+ Kxb4 65. Rd6 Kc5 66. Rxf6 Ra8 67. Ke4 b4 68. Ke5 b3 69. Rf7 Kc6 70. Rf6+ Kc5 71. Rf7 Kc6 72. Rf6+ 1/2-1/2